[Event "Cannes Open A"]
[Site "Cannes France"]
[EventDate "2007.02.18"]
[Date "2007.02.18"]
[Round "1"]
[White "RICTER, Jean Paul"]
[WhiteTitle "-"]
[WhiteElo "2174"]
[Black "CORNETTE, Matthieu"]
[BlackTitle "IM"]
[BlackElo "2482"]
[Result "0-1"]
[Source "MonRoi"]

1. c4 e5 2. g3 Nf6 3. Bg2 h6 4. e4 Bc5 5. Nc3 O-O 6. Nf3 d6 7. d3 Ng4 8. O-O f5 9. exf5 Bxf5 10. d4 exd4 11. Nxd4 Bc8 12. Ne4 Bb6 13. b4 Na6 14. a3 Ne5 15. Nb3 Be6 16. c5 dxc5 17. Nbxc5 Bc4 18. Qxd8 Raxd8 19. Bb2 Bxf1 20. Bxf1 Nf3 21. Kg2 Nd2 22. Bc3 Nxc5 23. Nxd2 Na4 24. Bc4 Kh8  0-1

[Event "Cannes Open A"]
[Site "Cannes France"]
[EventDate "2007.02.18"]
[Date "2007.02.18"]
[Round "1"]
[White "CORDARA, Michele"]
[WhiteTitle "FM"]
[WhiteElo "2169"]
[Black "BOSIOCIC, Marin"]
[BlackTitle "IM"]
[BlackElo "2474"]
[Result "1/2-1/2"]
[Source "MonRoi"]

1. Nf3 Nf6 2. c4 g6 3. Nc3 Bg7 4. g3 O-O 5. Bg2 d6 6. d3 e5 7. O-O Re8 8. Rb1 c6 9. b4 d5 10. b5 h6 11. bxc6 bxc6 12. cxd5 cxd5 13. Nd2 Be6 14. Nc4 Nc6 15. Ba3 Bf8 16. Bxf8 Rxf8 17. Qa4 Rc8 18. Na3 Nd4 19. e3 Rxc3 20. exd4 e4 21. Nb5 Rxd3 22. Qxa7 Qd7 23. Qb6 Rd2 24. a4 e3 25. fxe3 Bh3 26. Qxf6 Rxg2 27. Kh1 Qg4 28. Qf3 Qxf3 29. Rxf3 Rc2 30. Kg1 Rfc8 31. g4 Bxg4 32. Rf2 Bh3 33. Rxc2 Rxc2 34. Ra1 Bd7 35. Nd6 Rc7 36. a5 Ra7 37. a6 Kf8 38. Nb7 Ke7  1/2-1/2

[Event "Cannes Open A"]
[Site "Cannes France"]
[EventDate "2007.02.18"]
[Date "2007.02.18"]
[Round "1"]
[White "FLEAR, Christine"]
[WhiteTitle "WIM"]
[WhiteElo "2160"]
[Black "FELLER, Sebastien"]
[BlackTitle "FM"]
[BlackElo "2431"]
[Result "1/2-1/2"]
[Source "MonRoi"]

1. Nf3 e6 2. b3 Nf6 3. Bb2 Be7 4. e3 O-O 5. c4 b6 6. Be2 Bb7 7. O-O c5 8. d4 cxd4 9. Nxd4 a6 10. Nc3 d6 11. Bf3 Qc7 12. Bxb7 Qxb7 13. Qf3 Qxf3 14. Nxf3 Nbd7 15. Rad1 Rfc8 16. Rfe1 Rab8 17. e4 b5 18. cxb5 axb5 19. Nd4 b4 20. Nb1 g6 21. Re2 d5 22. exd5 Nxd5 23. Nc2 Rc6 24. Ne1 Kf8 25. g3 Ra8 26. Nd3 Bf6 27. a4 Bxb2 28. Nxb2 N7b6 29. Kf1 Nc3 30. Rc1 Nbd5 31. Rec2 Rb6 32. Nd3 Kg7 33. Nxb4 Nxb4 34. Rxc3 Na2 35. Rc8 Nxc1 36. Rxa8 Rxb3 37. Nd2 Rb2 38. Ne4 Nd3 39. Rd8 Ne5 40. Nd2 Rb4 41. Ra8 Rd4 42. Nb3 Rd1 43. Kg2 g5 44. h3 h5 45. g4 hxg4 46. hxg4 Nxg4 47. a5 Rd3 48. Rb8 Rd6 49. Nc5 Rd2 50. a6 Ra2 51. Rb7 Kg6 52. a7 Nxf2 53. Kf1 Nd1 54. Nd7 Ne3 55. Ke1 Ra1 56. Ke2 Nd5 57. Ne5 Kf5 58. Nc6 Ke4 59. Rb8 Ra2 60. Kd1 Ra1 61. Kc2 Ra2 62. Kb3 Rxa7 63. Nxa7 g4 64. Nb5 f5 65. Re8 e5 66. Nd6 Kf4 67. Kc4 Ne3 68. Kd3 Kf3 69. Rxe5 f4 70. Ne4 g3 71. Rg5 g2 72. Nd2 Kf2 73. Ke4 g1Q  1/2-1/2

[Event "Cannes Open A"]
[Site "Cannes France"]
[EventDate "2007.02.18"]
[Date "2007.02.18"]
[Round "1"]
[White "WOHL, Aleksandar"]
[WhiteTitle "-"]
[WhiteElo "2425"]
[Black "DELABACA, Romuald"]
[BlackTitle "-"]
[BlackElo "2160"]
[Result "1-0"]
[Source "MonRoi"]

1. e4 c5 2. Nf3 Nc6 3. a3 g6 4. Bc4 Bg7 5. O-O d6 6. c3 Nf6 7. Re1 O-O 8. Bf1 d5 9. e5 Ne8 10. h3 Nc7 11. d4 cxd4 12. cxd4 f6 13. exf6 exf6 14. Nc3 Be6 15. Bf4 Bf7 16. Rc1 Rc8 17. b4 Qd7 18. Na4 b6 19. Nc3 Rfd8 20. Qa4 Ne6 21. Be3 f5 22. Ba6 Rb8 23. Bb5 Be8 24. Ng5  1-0

[Event "Cannes Open A"]
[Site "Cannes France"]
[EventDate "2007.02.18"]
[Date "2007.02.18"]
[Round "1"]
[White "DIOTALLEVI, Maurizio"]
[WhiteTitle "-"]
[WhiteElo "2154"]
[Black "FOISOR, Ovidiu Doru"]
[BlackTitle "IM"]
[BlackElo "2418"]
[Result "0-1"]
[Source "MonRoi"]

1. d4 Nf6 2. c4 c5 3. d5 e5 4. Nc3 d6 5. e4 Be7 6. Bd3 Nbd7 7. Nge2 g6 8. f3 h5 9. Be3 h4 10. Qd2 a6 11. a3 Nh7 12. Bc2 Nb6 13. Bd3 Bg5 14. b4 Nd7 15. b5 Bxe3 16. Qxe3 Qg5 17. Qxg5 Nxg5 18. h3 Ke7 19. Kd2 Nf6 20. a4 Nh5 21. Rhb1 f5 22. Ke3 Rf8 23. Rc1 Nf7 24. Rf1 Nh6 25. Bc2 Bd7 26. Rab1 axb5 27. cxb5 g5 28. exf5 Nxf5 29. Bxf5 Bxf5 30. Ra1 Nf4 31. Nxf4 gxf4 32. Kf2 Ra5 33. Ra2 Rfa8 34. Rfa1 Bd3 35. Ke1 Kd7 36. Kd2 Bc4 37. Ra3 Rg8 38. Rg1 Rg6 39. Ke1 Rg8 40. Kd2 Kc7 41. Kc2 Rg3 42. Raa1 Ra8 43. Ne4 Rg6  0-1

[Event "Cannes Open A"]
[Site "Cannes France"]
[EventDate "2007.02.18"]
[Date "2007.02.18"]
[Round "1"]
[White "MOGRANZINI, Roberto"]
[WhiteTitle "FM"]
[WhiteElo "2401"]
[Black "BES, Stephane"]
[BlackTitle "-"]
[BlackElo "2151"]
[Result "1-0"]
[Source "MonRoi"]

1. e4 e6 2. d4 d5 3. Nd2 c5 4. exd5 exd5 5. Ngf3 Nc6 6. Be2 Bd6 7. dxc5 Bxc5 8. O-O Nge7 9. Nb3 Bb6 10. Bf4 O-O 11. Nbd4 Nxd4 12. Nxd4 Nf5 13. Nf3 Be6 14. Bd3 h6 15. c3 g5 16. Be5 f6 17. Bg3 Nxg3 18. hxg3 Qd7 19. a4 a6 20. a5 Bc5 21. Bc2 Bf5 22. Bb3 Rad8 23. Nd4 Be4 24. Re1 Kg7 25. Kh2 Bxd4 26. Qxd4 Qc7 27. f3 Bg6 28. Qb4 Rf7 29. f4 Rdd7 30. Rad1 Be4 31. Rf1 g4 32. Rf2 h5 33. Rfd2 h4 34. Bxd5 Qd8 35. Qxe4 Rfe7 36. Qf5 hxg3 37. Kxg3 Re3 38. Kf2  1-0

[Event "Cannes Open A"]
[Site "Cannes France"]
[EventDate "2007.02.18"]
[Date "2007.02.18"]
[Round "1"]
[White "LELIMOUSIN, Vincent"]
[WhiteTitle "-"]
[WhiteElo "2142"]
[Black "FOISOR, Cristina Adela"]
[BlackTitle "IM"]
[BlackElo "2399"]
[Result "0-1"]
[Source "MonRoi"]

1. e4 c5 2. Nc3 g6 3. g3 Bg7 4. Bg2 Nc6 5. d3 d6 6. Be3 Rb8 7. Qd2 b5 8. h3 a5 9. Nge2 Nd4 10. Nc1 Nf6 11. Nd1 b4 12. c3 bxc3 13. bxc3 Ne6 14. Bh6 Bxh6 15. Qxh6 a4 16. O-O Qa5 17. Qe3 O-O 18. f4 Ng7 19. Ne2 a3 20. Nc1 c4 21. dxc4 Ba6 22. Nb3 Qc7 23. Re1 Bxc4 24. Nd4 e5 25. Nc2 Qa5 26. Nb4 Rfc8 27. Nf2 Be6 28. Red1 exf4 29. gxf4 Qc5 30. Qxc5 dxc5 31. e5 cxb4 32. exf6 Nh5 33. cxb4 Nxf6 34. Rd3 Rxb4 35. Rxa3 Rxf4 36. Nd3 Rd4 37. Ne5 Rd2 38. Nf3 Rb2 39. Nd4 Bd5 40. Bxd5 Nxd5 41. Rb3 Rxb3 42. axb3 Rc3 43. Ra8 Kg7 44. Rd8 Nb4 45. Rb8 Nc2 46. Ne2 Rxh3 47. b4 Rb3  0-1

[Event "Cannes Open A"]
[Site "Cannes France"]
[EventDate "2007.02.18"]
[Date "2007.02.18"]
[Round "1"]
[White "PETROSIAN, Suren"]
[WhiteTitle "IM"]
[WhiteElo "2391"]
[Black "DERIEUX, Christian"]
[BlackTitle "-"]
[BlackElo "2134"]
[Result "1-0"]
[Source "MonRoi"]

1. e4 c5 2. Nf3 d6 3. d4 cxd4 4. Nxd4 Nf6 5. Nc3 g6 6. Be3 Bg7 7. f3 Nc6 8. Qd2 O-O 9. O-O-O d5 10. Kb1 Rb8 11. Ndb5 a6 12. Na7 Qc7 13. exd5 Ne5 14. Nxc8 Rbxc8 15. Qf2 b5 16. a3 Qb7 17. Bd4 Nfd7 18. f4 Nc4 19. Bxg7 Kxg7 20. Qd4 Kg8 21. h4 Nf6 22. h5 Rfd8 23. hxg6 hxg6 24. g4 Qb6 25. g5 Qxd4 26. Rxd4 Ne8 27. Rd3 Rc5 28. Rdh3  1-0

[Event "Cannes Open A"]
[Site "Cannes France"]
[EventDate "2007.02.18"]
[Date "2007.02.18"]
[Round "1"]
[White "HOMMELES, Theo"]
[WhiteTitle "FM"]
[WhiteElo "2375"]
[Black "FERRIGNO, Jean Pierre"]
[BlackTitle "-"]
[BlackElo "2126"]
[Result "1-0"]
[Source "MonRoi"]

1. e4 g6 2. d4 Bg7 3. Nc3 c6 4. f4 Qb6 5. Nf3 d5 6. e5 Bg4 7. h3 Bxf3 8. Qxf3 Qxd4 9. Be3 Qb4 10. O-O-O e6 11. g4 Nd7 12. Bg2 Ne7 13. Qe2 Qa5 14. Kb1 b5 15. Qe1 Rb8 16. h4 b4 17. Ne2 h5 18. gxh5 Nf5 19. Ng3 Nxe3 20. Qxe3 Rb6 21. hxg6 Ra6 22. gxf7 Kxf7 23. Ne4 Qxa2 24. Kc1 Nb6 25. Ng5 Ke8 26. b3 Nc4 27. bxc4 Ra3 28. Rd3 Qxc4 29. Rxa3 bxa3 30. Nxe6 Kf7 31. Qxa7 Kxe6 32. Bh3  1-0

[Event "Cannes Open A"]
[Site "Cannes France"]
[EventDate "2007.02.18"]
[Date "2007.02.18"]
[Round "1"]
[White "WOHLERS ARMAS, Friederike"]
[WhiteTitle "WIM"]
[WhiteElo "2125"]
[Black "SARAVANAN, V"]
[BlackTitle "IM"]
[BlackElo "2374"]
[Result "1/2-1/2"]
[Source "MonRoi"]

1. d4 Nf6 2. c4 g6 3. Nc3 Bg7 4. e4 d6 5. f3 O-O 6. Be3 a6 7. Qd2 Nc6 8. Nge2 Rb8 9. g4 h5 10. gxh5 Nxh5 11. Ng3 e5 12. dxe5 Nxe5 13. Be2 b5 14. Nxh5 gxh5 15. O-O-O bxc4 16. Rhg1 Kh7 17. Rxg7 Kxg7 18. Rg1 Kh7 19. Rg5 f6 20. Rxh5 Kg6 21. Rh6 Kg7 22. Bxc4 Nxf3 23. Qe2 Rh8 24. Rxh8 Qxh8 25. Qg2 Ng5 26. Bxg5 fxg5 27. Qxg5 Kh7 28. Qh5 Kg7 29. Qf7 Kh6 30. Qxc7 Rb7 31. Qxd6 Kh7 32. Bxa6 Rf7 33. Bd3 Qg7 34. e5 Bf5 35. Bxf5 Rxf5 36. e6 Rf2 37. Qd7 Kh6 38. e7 Qg5 39. Kb1 Qg6 40. Ka1 Rf1 41. Nd1 Qc2 42. Qe6 Kh7 43. a3 Qxd1 44. Ka2 Qb1 45. Kb3 Qd3 46. Ka2 Qb1 47. Kb3 Qd3 48. Ka2 Qb1  1/2-1/2

[Event "Cannes Open A"]
[Site "Cannes France"]
[EventDate "2007.02.18"]
[Date "2007.02.18"]
[Round "1"]
[White "MIDOUX, Sebastien"]
[WhiteTitle "-"]
[WhiteElo "2358"]
[Black "VANDERBEEKEN, Mikael"]
[BlackTitle "-"]
[BlackElo "2113"]
[Result "1-0"]
[Source "MonRoi"]

1. d4 e6 2. c4 d5 3. Nc3 Bb4 4. e3 Nf6 5. Nge2 O-O 6. a3 Be7 7. cxd5 exd5 8. g3 c6 9. Bg2 Bf5 10. f3 Qd7 11. g4 Be6 12. O-O c5 13. g5 Nh5 14. f4 Nc6 15. dxc5 Bxc5 16. Nxd5 Bxd5 17. Qxd5 Qxd5 18. Bxd5 Rfe8 19. Bf3 g6 20. Kf2 Na5 21. b4 Nb3 22. bxc5 Nxa1 23. Nd4 Rad8 24. Rd1 Rxd4 25. exd4 Nb3 26. Be3 Ng7 27. Rb1 Na5 28. d5 Nf5 29. Bc1 Rc8 30. d6 Nd4 31. Be3 Nc2 32. Rb5 Nxe3 33. Rxa5 Nc4 34. Rxa7  1-0

[Event "Cannes Open A"]
[Site "Cannes France"]
[EventDate "2007.02.18"]
[Date "2007.02.18"]
[Round "1"]
[White "WUNDERMAN, Xavier"]
[WhiteTitle "-"]
[WhiteElo "2113"]
[Black "FOISOR, Sabina Francesca"]
[BlackTitle "WIM"]
[BlackElo "2342"]
[Result "0-1"]
[Source "MonRoi"]

1. e4 c5 2. Nc3 e6 3. Nge2 d5 4. exd5 exd5 5. d4 c4 6. g3 Nc6 7. Bg2 Bb4 8. O-O Nge7 9. Nf4 Bxc3 10. bxc3 Qa5 11. Qf3 O-O 12. a4 Rd8 13. Ba3 Bf5 14. Qe3 Ng6 15. Nxg6 Bxg6 16. Qd2 Re8 17. Bb4 Qd8 18. Rfe1 Qd7 19. a5 h6 20. Kf1 Be4 21. f3 Bg6 22. Rxe8 Rxe8 23. Kf2 Nxb4 24. cxb4 c3 25. Qxc3 Rc8 26. Qe1 Rxc2 27. Kg1 Qc6 28. Bf1 a6 29. Rd1 Qa4 30. h4 Qb3 31. h5 Bf5 32. Qe8 Kh7 33. Qxf7 Qe3 34. Kh1 Qxf3 35. Kg1 Qxg3 36. Kh1 Qh2  0-1

[Event "Cannes Open A"]
[Site "Cannes France"]
[EventDate "2007.02.18"]
[Date "2007.02.18"]
[Round "1"]
[White "TRITAR, Kamel"]
[WhiteTitle "-"]
[WhiteElo "2108"]
[Black "FIERRO BAQUERO, Martha"]
[BlackTitle "IM"]
[BlackElo "2339"]
[Result "0-1"]
[Source "MonRoi"]

1. d4 g6 2. Nf3 Bg7 3. g3 c5 4. c3 Qb6 5. dxc5 Qxc5 6. Bg2 Nf6 7. O-O O-O 8. Nbd2 d6 9. Nb3 Qh5 10. Qd2 h6 11. Qf4 Bg4 12. Qb4 Nbd7 13. Qxb7 a5 14. h3 Bxh3 15. Bxh3 Rfb8 16. Qc6 Qxh3 17. Qa4 g5 18. Nbd4 e5 19. Nc2 Nc5 20. Qc4 Rc8 21. Ne3 a4 22. Nd5 e4 23. Nh2 Nxd5 24. Qxd5 Be5 25. Be3 Qe6 26. Rfd1 Rab8 27. Qxe6 Nxe6 28. Rab1 f5 29. Nf1 a3 30. bxa3 Rxb1 31. Rxb1 Rxc3 32. Rb8 Kf7 33. Ra8 Rc2 34. a4 Rxa2 35. a5 Nc5 36. Ra7 Kf6 37. a6 Nxa6 38. Bb6 Nb4 39. Bd8 Kg6 40. Rb7 Nc6 41. Bc7 Rxe2 42. Bxd6 Bxd6 43. Rd7 Bc5  0-1

[Event "Cannes Open A"]
[Site "Cannes France"]
[EventDate "2007.02.18"]
[Date "2007.02.18"]
[Round "1"]
[White "BRUNED, Yvain"]
[WhiteTitle "FM"]
[WhiteElo "2335"]
[Black "ZERMICHE, Cherif"]
[BlackTitle "-"]
[BlackElo "2105"]
[Result "1-0"]
[Source "MonRoi"]

1. e4 c5 2. Nf3 a6 3. c4 Nc6 4. d4 cxd4 5. Nxd4 d6 6. Nc3 g6 7. Be2 Bg7 8. Be3 Nf6 9. O-O O-O 10. Rc1 Nxd4 11. Bxd4 Be6 12. f4 Rc8 13. b3 Qa5 14. f5 Bd7 15. a4 b5 16. axb5 axb5 17. Bxf6 Bxf6 18. Nd5 Bg5 19. f6 exf6 20. Ne7 Kg7 21. Nxc8 Bxc1 22. Nxd6 bxc4 23. Qd4 Qg5 24. Nxc4 Bh3 25. Qf2 Re8 26. Kh1 Be6 27. h4 Qh6 28. Qxf6 Kg8 29. Bg4 Bg5 30. Qxg5 Qxg5 31. hxg5 Bxg4 32. Nd6 Re7 33. b4 Be2 34. Re1 Bd3 35. b5 Rd7 36. e5 Kf8 37. b6 Bf5 38. b7 Rd8 39. Ra1  1-0

[Event "Cannes Open A"]
[Site "Cannes France"]
[EventDate "2007.02.18"]
[Date "2007.02.18"]
[Round "1"]
[White "LIBENS, Michel"]
[WhiteTitle "-"]
[WhiteElo "2104"]
[Black "FARGERE, Francois"]
[BlackTitle "FM"]
[BlackElo "2330"]
[Result "0-1"]
[Source "MonRoi"]

1. e4 c5 2. Nf3 d6 3. d4 Nf6 4. Nc3 cxd4 5. Nxd4 a6 6. h3 e6 7. g4 d5 8. Bg2 Nxe4 9. Nxe4 dxe4 10. Bxe4 Be7 11. Be3 Nd7 12. Qe2 Nf6 13. Bg2 e5 14. O-O-O Qc7 15. Nb3 O-O 16. g5 Ne8 17. h4 a5 18. a3 Be6 19. Bd5 Bf5 20. Qc4 Qb8 21. Be4 Nd6 22. Rxd6 Bxe4 23. Qxe4 Qxd6 24. f4 a4 25. fxe5 Qe6 26. Nd4 Qa2 27. Nf5 Rfe8 28. h5 Rad8 29. c3 Bxa3 30. bxa3 Qxa3 31. Kc2 Qb3 32. Kc1 Qxc3 33. Kb1 Rxe5  0-1

[Event "Cannes Open A"]
[Site "Cannes France"]
[EventDate "2007.02.18"]
[Date "2007.02.18"]
[Round "1"]
[White "CLERY, Nicolas"]
[WhiteTitle "FM"]
[WhiteElo "2324"]
[Black "SCHMITZ, Andreas Arnold"]
[BlackTitle "c"]
[BlackElo "2101"]
[Result "1-0"]
[Source "MonRoi"]

1. d4 d5 2. c4 dxc4 3. Nf3 Nf6 4. e3 Bg4 5. Bxc4 e6 6. h3 Bh5 7. Nc3 a6 8. g4 Bg6 9. Ne5 Nbd7 10. Nxg6 hxg6 11. Qf3 Nb6 12. Qxb7 Nxc4 13. Qc6 Ke7 14. Qxc4 Nxg4 15. e4 Qd6 16. e5 Qb6 17. Bg5 f6 18. Bf4 Qxb2 19. Qxc7 Ke8 20. O-O Nxf2 21. Rxf2 Qxa1 22. Rf1 Qb2 23. Rb1 Qxb1 24. Nxb1 Rd8 25. Qb6 Rh4 26. Be3 Ke7 27. Kg2 g5 28. Nc3 g4 29. hxg4 Rxg4 30. Kf3 Rd7  1-0

[Event "Cannes Open A"]
[Site "Cannes France"]
[EventDate "2007.02.18"]
[Date "2007.02.18"]
[Round "1"]
[White "ASTENGO, Corrado"]
[WhiteTitle "-"]
[WhiteElo "2085"]
[Black "MUFIC, Goran"]
[BlackTitle "IM"]
[BlackElo "2312"]
[Result "1/2-1/2"]
[Source "MonRoi"]

1. e4 c5 2. Nf3 Nc6 3. d4 cxd4 4. Nxd4 g6 5. Nc3 Bg7 6. Be3 Nf6 7. Nxc6 bxc6 8. e5 Nd5 9. Nxd5 cxd5 10. Qxd5 Rb8 11. Bc4 O-O 12. O-O Qc7 13. f4 d6 14. exd6 exd6 15. Bb3 Be6 16. Qd2 Bxb2 17. Rad1 Rbd8 18. Bd4 Bxd4 19. Qxd4 Qa5 20. Kh1 Bxb3 21. axb3 Rc8 22. c4 Rb8 23. Ra1 Qb6 24. Qxb6 Rxb6 25. Rxa7 Rxb3 26. Rd7 Rc8 27. Rxd6 Rxc4 28. h3 Rc2 29. f5 Rg3 30. fxg6 hxg6 31. Rg1 Kg7 32. Rd7 Rf2 33. Kh2 Ra3 34. Rdd1 f5 35. Rgf1 Rc2 36. Rc1 Rb2 37. Rb1 Rba2 38. Rbc1 Kh6 39. Rb1 Kg5 40. Rbc1 Kh4 41. Rc4 Kh5 42. Rcf4 Re3 43. R4f2 Raa3 44. Rb1 Kg5 45. Rc1 Rab3 46. Ra1 Rbc3 47. Rc1 Rxc1  1/2-1/2

[Event "Cannes Open A"]
[Site "Cannes France"]
[EventDate "2007.02.18"]
[Date "2007.02.18"]
[Round "1"]
[White "DIMITROV, Christo"]
[WhiteTitle "FM"]
[WhiteElo "2299"]
[Black "WAGNER, Steven"]
[BlackTitle "-"]
[BlackElo "2083"]
[Result "0-1"]
[Source "MonRoi"]

1. e4 c5 2. Nc3 d6 3. f4 Nc6 4. Nf3 g6 5. Bb5 Bg7 6. Bxc6+ bxc6 7. d3 Rb8 8. O-O e6 9. e5 d5 10. Na4 Qa5 11. c4 Ne7 12. b3 Nf5 13. Qe1 Qc7 14. Ba3 Bf8 15. Qf2 d4 16. Bxc5 Bxc5 17. Nxc5 Qe7 18. Ne4 c5 19. Qd2 Qc7 20. Rab1 Ne3 21. Rfe1 Bb7 22. Nfg5 Ke7 23. Re2 h6 24. Nf3 Bxe4 25. dxe4 Rhd8 26. Qd3 g5 27. fxg5 hxg5 28. Rxe3 dxe3 29. Qxe3 Rg8 30. g4 Rbd8 31. Rf1 Rg7 32. Kg2 Rd7 33. Rf2 Kd8 34. Qc3 Qc6 35. Re2 Kc8 36. a3 Kd8 37. b4 Ke7 38. b5 Qc7 39. a4 Ke8 40. a5 Qd8 41. a6 Rd3 42. Qe1 Rh7 43. Qf2 Rc3 44. Rd2 Qe7 45. Rc2 Ra3 46. Ra2 Rb3 47. Qc2 Rb4 48. Rb2 Rxb2 49. Qxb2 Qc7 50. h3 Rg7 51. Qc3 Kd8 52. Nd2 Kc8 53. Nb3 Kb8 54. Na5 Qd7 55. Nc6 Ka8 56. Qe3 Rh7 57. Qxg5 Rh8 58. Qe3 Qd1 59. Qxc5 Qe2 60. Kg3 Qd3 61. Kf4 Qf1 62. Kg5 Rg8 63. Kh4 Rh8 64. Kg5 Qc1 65. Kf6 Qh6 66. Kxf7 Rh7 67. Ke8 Qg6  0-1

[Event "Cannes Open A"]
[Site "Cannes France"]
[EventDate "2007.02.18"]
[Date "2007.02.18"]
[Round "1"]
[White "HERVAIS, Adrien"]
[WhiteTitle "-"]
[WhiteElo "2071"]
[Black "DEBRAY, Christopher"]
[BlackTitle "-"]
[BlackElo "2278"]
[Result "0-1"]
[Source "MonRoi"]

1. e4 e5 2. Nc3 Nf6 3. f4 d6 4. Nf3 Nc6 5. Bb5 Bd7 6. d3 Nd4 7. Bxd7 Qxd7 8. fxe5 Nxf3 9. Qxf3 dxe5 10. Bg5 Be7 11. O-O Qe6 12. Bxf6 Bxf6 13. Nd5 Bd8 14. Qg3 O-O 15. Rf5 c6 16. Ne3 Bb6 17. Kh1 f6 18. Ng4 Rae8 19. Qh4 Bd8 20. Rh5 f5 21. exf5 Rxf5  0-1

[Event "Cannes Open A"]
[Site "Cannes France"]
[EventDate "2007.02.18"]
[Date "2007.02.18"]
[Round "1"]
[White "DUBREUIL, Julien"]
[WhiteTitle "-"]
[WhiteElo "2278"]
[Black "HAUSEUX, Philippe"]
[BlackTitle "-"]
[BlackElo "2061"]
[Result "1-0"]
[Source "MonRoi"]

1. c4 e5 2. g3 Nf6 3. Bg2 Nc6 4. Nc3 Bb4 5. Nd5 O-O 6. e3 Be7 7. Ne2 d6 8. h3 Be6 9. d4 Bd7 10. O-O Qc8 11. Kh2 Bd8 12. Bd2 h6 13. Rc1 Nh7 14. c5 Qb8 15. b4 Ne7 16. Nxe7 Bxe7 17. Bc3 f6 18. dxe5 fxe5 19. Bxe5 Bc6 20. Bd5 Kh8 21. cxd6 cxd6 22. Ba1 Ng5 23. Nf4 Qe8 24. h4 Nh7 25. Qg4 Nf6 26. Ng6 Kh7 27. Nxf8 Qxf8 28. Bxf6 Bxd5 29. Bxe7  1-0

[Event "Cannes Open A"]
[Site "Cannes France"]
[EventDate "2007.02.18"]
[Date "2007.02.18"]
[Round "1"]
[White "GORSE, Gerard"]
[WhiteTitle "-"]
[WhiteElo "2054"]
[Black "WEILL, Roland"]
[BlackTitle "FM"]
[BlackElo "2261"]
[Result "0-1"]
[Source "MonRoi"]

1. d4 d6 2. e4 g6 3. Nc3 Bg7 4. Nf3 Nf6 5. Be2 O-O 6. O-O c6 7. a4 a5 8. Be3 Na6 9. h3 Nb4 10. d5 Bd7 11. Qd2 Rc8 12. Rad1 cxd5 13. exd5 Rxc3 14. bxc3 Ne4 15. Qc1 Nxc3 16. Rd2 Bxa4 17. Bc4 Qc7 18. Bb3 Bb5 19. Re1 a4 20. Qa3 axb3 21. Qxb4 b2 22. Bd4 b1Q 23. Rxb1 Nxb1 24. Qxb1 Ba6 25. Bxg7 Kxg7 26. Qe1 Rc8 27. Rd4 Qd7 28. Rd2 Rc7 29. Qe3 Qf5 30. Qd4 Qf6  0-1

[Event "Cannes Open A"]
[Site "Cannes France"]
[EventDate "2007.02.18"]
[Date "2007.02.18"]
[Round "1"]
[White "L'HERMITTE, Emmanuel"]
[WhiteTitle "-"]
[WhiteElo "2032"]
[Black "HRZICA, Rok"]
[BlackTitle "-"]
[BlackElo "2257"]
[Result "0-1"]
[Source "MonRoi"]

1. d4 c6 2. c4 d5 3. Nf3 Nf6 4. Nc3 dxc4 5. a4 Bf5 6. e3 e6 7. Bxc4 Nbd7 8. O-O Bb4 9. Qe2 Bg4 10. Rd1 O-O 11. h3 Bxf3 12. Qxf3 e5 13. Ne4 Qe7 14. Nxf6+ Nxf6 15. dxe5 Qxe5 16. Bd2 Bd6 17. Bc3 Qh2+ 18. Kf1 Be5 19. Bxe5 Qxe5 20. b3 Qh2 21. Ke2 Qe5 22. Kf1 Qh2 23. Ke2 Rae8 24. Rd4 Qe5 25. Qf4 Qh5 26. Qf3 Qc5 27. Kf1 Rd8 28. Rxd8 Rxd8 29. Rd1 Rf8 30. Qf4 b5 31. axb5 cxb5 32. Be2 Qc2 33. Qb4 a6 34. Qa3 Ne4 35. b4 Nc3 36. Re1 Nxe2 37. Rxe2 Qc4 38. Qb2 Rd8 39. Ke1 Qe4 40. Rd2 Rc8 41. Qd4 Qa8 42. Qd5 Qxd5 43. Rxd5 Kf8 44. Rd6 Rc4 45. Rxa6 Rxb4 46. Ra7 Rb2 47. Rb7 b4 48. Kf1 b3 49. g3 g6 50. Kg2 Kg7 51. Kf3 Kf6 52. Ke4 Rxf2 53. Rxb3 Kg5 54. Rb7 h5 55. Rb5 f5 56. Kd3 Rf3 57. g4 hxg4 58. hxg4 Kxg4 59. Ke2 g5 60. Rb1 Rh3 61. Rg1 Rg3 62. Rf1 Rg2 63. Kd3 f4 64. exf4 gxf4 65. Re1 Kf3 66. Rf1 Kg3 67. Re1 Ra2 68. Re8 Kf2 69. Rh8 Ra3 70. Kd2 f3 71. Rg8 Ra7 72. Rd8 Re7 73. Rd6 Rg7 74. Kd1 Kg2  0-1

[Event "Cannes Open A"]
[Site "Cannes France"]
[EventDate "2007.02.18"]
[Date "2007.02.18"]
[Round "1"]
[White "PEREZ, Flavio"]
[WhiteTitle "-"]
[WhiteElo "2244"]
[Black "RYAN, Martin"]
[BlackTitle "-"]
[BlackElo "2024"]
[Result "1-0"]
[Source "MonRoi"]

1. e4 c5 2. Nc3 a6 3. g3 b5 4. Bg2 Bb7 5. d3 e6 6. f4 b4 7. Nce2 f5 8. Nf3 fxe4 9. Ng5 Nf6 10. Nxe4 Nxe4 11. dxe4 c4 12. Be3 Qa5 13. Qd4 Nc6 14. Qxc4 Rc8 15. Qd3 Bc5 16. O-O Qb5 17. Bxc5 Qxc5 18. Rf2 Na5 19. Rd1 Rc7 20. Nd4 Qc4 21. Qd2 O-O 22. a3 Qa2 23. Qxb4 Nc4 24. c3 a5 25. Qb3 Qxb3 26. Nxb3 Ne3 27. Rd4 Rc4 28. Rxc4 Nxc4 29. Bf1  1-0

[Event "Cannes Open A"]
[Site "Cannes France"]
[EventDate "2007.02.18"]
[Date "2007.02.18"]
[Round "1"]
[White "RAVOT, Sylvain"]
[WhiteTitle "-"]
[WhiteElo "2218"]
[Black "BRONGERS, Henk"]
[BlackTitle "-"]
[BlackElo "1969"]
[Result "1-0"]
[Source "MonRoi"]

1. e4 c6 2. d4 d5 3. e5 Bf5 4. Nc3 e6 5. g4 Bg6 6. Nge2 h5 7. Nf4 Ne7 8. gxh5 Bh7 9. h6 gxh6 10. Nh5 Nd7 11. Ne2 Be4 12. Rg1 Bf3 13. Nhg3 c5 14. c3 cxd4 15. cxd4 Qa5 16. Bd2 Qb6 17. Bc3 h5 18. Qd3 Bg4 19. h3 Bf5 20. Nxf5 Nxf5 21. Nf4 Qc6 22. Nxd5 Qxd5 23. Bg2 Rg8 24. Bxd5 Rxg1 25. Ke2 Rxa1 26. Bxb7 Rb8 27. Qa6 Ne7 28. a3 Nd5 29. Bxd5 exd5 30. e6 fxe6 31. Qxe6 Kd8 32. Ba5 Nb6 33. Qxd5 Kc7 34. Qf7 Kc6 35. Qxa7 Rb7 36. d5 Nxd5 37. Qa8 Bd6 38. b4 Ra2 39. Kd1 Nc3 40. Ke1 Re2 41. Kf1 Ree7 42. Qa6 Kd5 43. Qd3 Ke6 44. Qxc3 Be5 45. Qc6 Kf5 46. Qf3 Kg6 47. Qf5  1-0

[Event "Cannes Open A"]
[Site "Cannes France"]
[EventDate "2007.02.18"]
[Date "2007.02.18"]
[Round "1"]
[White "PARODI, Alessandro"]
[WhiteTitle "-"]
[WhiteElo "1893"]
[Black "BRUNED, Boris"]
[BlackTitle "-"]
[BlackElo "2211"]
[Result "1/2-1/2"]
[Source "MonRoi"]

1. d4 Nf6 2. c4 e6 3. Nc3 Bb4 4. Qc2 O-O 5. Bg5 c5 6. e3 cxd4 7. exd4 Be7 8. Bd3 h6 9. Bxf6 Bxf6 10. d5 Bxc3 11. Qxc3 exd5 12. cxd5 Qg5 13. Ne2 Qxd5 14. O-O Nc6 15. f4 d6 16. b4 Nxb4 17. Qxb4 Qxd3 18. Nd4 Bg4 19. h3 Bh5 20. f5 Rfe8 21. Kh2 b6 22. Rae1 Rac8 23. Nb5 Be2 24. Nxd6 Bxf1 25. Nxe8 Rc2 26. Nf6 gxf6 27. Re8 Kh7 28. Rh8  1/2-1/2

[Event "Cannes Open A"]
[Site "Cannes France"]
[EventDate "2007.02.18"]
[Date "2007.02.18"]
[Round "1"]
[White "PEPINO, Enrico"]
[WhiteTitle "-"]
[WhiteElo "2189"]
[Black "BRUNED, Vianney"]
[BlackTitle "-"]
[BlackElo "1945"]
[Result "1-0"]
[Source "MonRoi"]

1. e4 c5 2. Nf3 d6 3. d4 cxd4 4. Nxd4 Nf6 5. Nc3 a6 6. Be3 Ng4 7. Bc4 Nxe3 8. fxe3 e6 9. O-O Qc7 10. Bb3 Nc6 11. Qh5 g6 12. Qf3 Bg7 13. Ndb5 axb5 14. Nxb5 Qd7 15. Nxd6 Kd8 16. Nxf7 Kc7 17. Nxh8 Bxh8 18. Rad1 Qe7 19. Qf7 Bxb2 20. Qg8 Ne5 21. Rf8 Nd7 22. Rf7 Qc5 23. Qxh7 Qxe3 24. Kh1 Qxe4 25. Rfxd7 Bxd7 26. Qxd7 Kb6 27. Qd6 Qc6 28. Qb4 Kc7 29. Qe7 Kb6 30. Rd6 Ba3 31. Rxc6 bxc6 32. Qxe6 Rf8 33. g3 Bc5 34. Ba4  1-0

[Event "Cannes Open A"]
[Site "Cannes France"]
[EventDate "2007.02.18"]
[Date "2007.02.18"]
[Round "1"]
[White "PALAC, Mladen"]
[WhiteTitle "GM"]
[WhiteElo "2571"]
[Black "MULLER, Anne"]
[BlackTitle "WIM"]
[BlackElo "2188"]
[Result "1-0"]
[Source "MonRoi"]

1. d4 Nf6 2. c4 e6 3. Nf3 Bb4 4. Nbd2 O-O 5. a3 Bxd2 6. Bxd2 Ne4 7. Bf4 b6 8. e3 Bb7 9. Bd3 d6 10. O-O Nd7 11. Nd2 Nxd2 12. Qxd2 e5 13. Bg3 Qe7 14. Bf5 Rad8 15. Rfd1 Nf6 16. Bh4 d5 17. Qc2 dxc4 18. Qxc4 exd4 19. exd4 Rfe8 20. Rac1 Bd5 21. Qxc7 Qxc7 22. Rxc7 Bb3 23. Rdc1 Rxd4 24. Bxf6 gxf6 25. Rxa7 Rd2 26. Rb7 Ree2 27. Rxb6 Rxf2 28. Be4 Rxb2 29. Rxb3  1-0